| 000 | 00522nam a22001457a 4500 | ||
|---|---|---|---|
| 008 | 170906b xxu||||| |||| 00| 0 eng d | ||
| 022 | _a2012-3906 | ||
| 082 |
_2Jan - June 2011, v. 80-81 _aDPer 610.7305 _bP53 |
||
| 245 |
_aPhilippine Journal of Nursing/ _cedited by Erlinda Castro-Palaganas |
||
| 260 |
_aQuezon City: _bRaintree Publishing, _c2011. |
||
| 300 |
_a1 [various paging]: _billustrations; _c28 cm. |
||
| 650 | 0 |
_922464 _aNursing _vPeriodicals |
|
| 700 |
_922465 _aCastro-Palaganas, Erlinda _eeditor |
||
| 942 |
_2ddc _cPER |
||
| 999 |
_c7402 _d7402 |
||